Los obreros y la religión
Guardado en:
| Autor principal: | |
|---|---|
| Formato: | Libro |
| Lenguaje: | español |
| Publicado: |
Bilbao
Desclée de Brouwer
1960
|
| Colección: | Temas Sociales
|
| Materias: | |
| Etiquetas: |
Agregar Etiqueta
Sin Etiquetas, Sea el primero en etiquetar este registro!
|
MARC
| LEADER | 00000nam a2200000 a 4500 | ||
|---|---|---|---|
| 001 | UCR2025 | ||
| 003 | CL-VaPUC | ||
| 008 | 980109e19600000SP |||||||||||||||||spa|d | ||
| 082 | 0 | 4 | |a 261 |b ANC |2 21 |
| 100 | |a ANCEL, ALFRED |9 482873 | ||
| 245 | 1 | 4 | |a Los obreros y la religión |
| 300 | |a 169 p | ||
| 942 | |c BK | ||
| 945 | |d 19980109 00:00:00 |a jquezada | ||
| 260 | |a Bilbao |b Desclée de Brouwer |c 1960 | ||
| 600 | 0 | |a Iglesia católica |9 255129 | |
| 650 | 0 | |a Teología social |9 326726 | |
| 650 | 7 | |a OBREROS |2 CL-VaPUC |9 358117 | |
| 650 | 0 | |a Religión |9 255164 | |
| 650 | 0 | |a Oración |9 313348 | |
| 650 | 0 | |a Cristianismo |9 257361 | |
| 583 | |a last modification |c 19980109 00:00:00 |k Rodrigo Vera | ||
| 490 | 0 | |a Temas Sociales | |
| 999 | |c 265302 |d 265300 | ||
| 952 | |0 0 |1 0 |4 0 |6 261_000000000000000_ANC_1960 |7 0 |8 A |9 296170 |a BIBTEO |b BIBTEO |d 2019-11-20 |i 3372995 |o 261 ANC 1960 |p 3372995 |r 2025-01-17 |w 2019-11-20 |y BK |k ICR | ||